| 000 | 00213nam a22000857a 4500 | ||
|---|---|---|---|
| 999 |
_c17384 _d17384 |
||
| 003 | Nust | ||
| 005 | 20170407133914.0 | ||
| 008 | 150917t xxu||||| |||| 00| 0 eng d | ||
| 020 | _a978-81-272-4068-4 | ||
| 040 | _cASAB | ||
| 082 | _a632 | ||
| 100 |
_aL.R. Saha _91196 |
||
| 245 | _ahandbook of plant diseases | ||
| 260 |
_aIndia _bKalyani Publishers _c2008 |
||
| 300 | _a457 p | ||
| 942 |
_2ddc _cBK |
||